000 00523nam a22001817a 4500
999 _c17042
_d17042
003 AR-CdUCM
008 190507b ||||| |||| 00| 0 spa d
040 _aMUNICIPALIDAD PROVINCIAL DEL CUSCO
_cBIBLIOTECA MUNICIPAL DEL CUSCO
082 _a869.569 /
_bV182
100 _aVallejo, Cesar
_913046
245 _aRusia ante el segundo plan quinquenal /
260 _aLima :
_bLabor,
_c1965.
300 _a252 páginas ;
_c17 cm.
505 _aLiteratura.
650 _aLiteratura.
_983
942 _2ddc
_cLIBROS
945 _awfj